[Event "49th Hastings it"]
[Site "Hastings ENG"]
[Date "1973.12.27"]
[Round "1"]
[White "Basman, Michael John"]
[Black "Stean, Michael Francis"]
[Result "1-0"]
[WhiteElo "2385"]
[BlackElo "2320"]
[EventDate "1973.12.27"]
[PlyCount "51"]

1.e4 c5 2.Nf3 d6 3.Be2 Nc6 ( {The move order} 3...Nf6 4.c3 Nc6 {is shown 
in the Basman/Welling Collection} ) 4.c3 Nf6 5.d4 cxd4 6.cxd4 Nxe4 7.d5 
Qa5+ 8.Nc3 Nxc3 9.bxc3 Ne5 10.Nxe5 Qxc3+ 11.Bd2 Qxe5 12.O-O Qxd5 13.Rb1 e6
14.Bb5+ Bd7 15.Bxd7+ Kxd7 16.Qa4+ Kd8 17.Rb5 Qc6 18.Rc1 Qa6 19.Ra5 Qd3 20.
Be3 d5 21.Rxa7 Rxa7 22.Qxa7 Ba3 23.Qb8+ Ke7 24.Bg5+ f6 25.Qxb7+ Kd6 26.
Qc7# {Source: Informator 17/439} 1-0

[Event "49th Hastings it"]
[Site "Hastings ENG"]
[Date "1974.01.03"]
[Round "7"]
[White "Stean, Michael Francis"]
[Black "Szabo, Laszlo"]
[Result "1/2-1/2"]
[WhiteElo "2320"]
[BlackElo "2565"]
[EventDate "1973.12.27"]
[BlackTitle "GM"]
[PlyCount "29"]

1.e4 c5 2.Nf3 e6 3.d4 cxd4 4.Nxd4 Nc6 5.Nc3 Qc7 6.Be2 Nf6 7.Be3 Bb4 8.Nb5 
Qb8 9.a3 Be7 10.f4 d6 11.O-O O-O 12.Qe1 d5 13.exd5 Nxd5 14.Nxd5 exd5 15.
Bf3 1/2-1/2

[Event "49th Hastings it"]
[Site "Hastings ENG"]
[Date "1974.01.04"]
[Round "8"]
[White "Szabo, Laszlo"]
[Black "Timman, Jan"]
[Result "1/2-1/2"]
[WhiteElo "2565"]
[BlackElo "2470"]
[EventDate "1973.12.27"]
[WhiteTitle "GM"]
[BlackTitle "IM"]
[PlyCount "21"]

1.d4 Nf6 2.c4 e6 3.Nf3 c5 4.Nc3 cxd4 5.Nxd4 Bb4 6.Nb5 d5 7.Bf4 O-O 8.a3 
Bxc3+ 9.bxc3 Nc6 10.cxd5 exd5 11.e3 1/2-1/2

[Event "49th Hastings it"]
[Site "Hastings ENG"]
[Date "1974.01.05"]
[Round "9"]
[White "Suttles, Duncan"]
[Black "Tal, Mikhail"]
[Result "0-1"]
[WhiteElo "2485"]
[BlackElo "2660"]
[EventDate "1973.12.27"]
[WhiteTitle "GM"]
[BlackTitle "GM"]
[PlyCount "124"]

1.e4 c5 2.Nc3 e6 3.g3 d5 4.exd5 exd5 5.Bg2 Nf6 6.d4 cxd4 7.Qxd4 Nc6 8.Qd1 
d4 9.Nce2 Bc5 10.Nf3 Bf5 11.O-O O-O 12.Nf4 Re8 13.Nd3 Bb6 14.Bg5 h6 15.
Bxf6 Qxf6 16.Nd2 Qg6 17.Nc4 Bc7 18.a4 Bg4 19.Bf3 Bh3 20.Re1 Qf5 21.Bh1 Re6
22.Qf3 Rae8 23.Qxf5 Bxf5 24.Bxc6 bxc6 25.Rxe6 Bxe6 26.Re1 Kf8 27.Nc5 Bf5 
28.Rxe8+ Kxe8 29.Nd3 Kd7 30.Kf1 Ke6 31.Ke2 Kd5 32.b3 c5 33.f3 Bc8 34.Nd2 
f5 35.f4 Ba6 36.Nf3 Bd6 37.Nh4 Bc8 38.Nf3 c4 39.Nb2 cxb3 40.cxb3 Ba6+ 41.
Nd3 Ke4 42.Nd2+ Kd5 43.Nf3 Be7 44.h4 g6 45.Ne5 g5 46.hxg5 hxg5 47.fxg5 
Bxg5 48.b4 Bxd3+ 49.Nxd3 Be7 50.b5 Bd6 51.a5 Bxg3 52.Nb4+ Kc5 53.Nc6 a6 
54.Kd3 Bf2 55.Na7 axb5 56.a6 b4 57.Nb5 Kb6 58.a7 Kb7 59.Nd6+ Kxa7 60.Nxf5 
b3 61.Nd6 Kb6 62.Nc4+ Kb5 0-1

[Event "49th Hastings it"]
[Site "Hastings ENG"]
[Date "1974.01.06"]
[Round "10"]
[White "Adorjan, Andras"]
[Black "Basman, Michael John"]
[Result "0-1"]
[WhiteElo "2515"]
[BlackElo "2385"]
[EventDate "1973.12.27"]
[WhiteTitle "GM"]
[PlyCount "70"]

1.e4 c5 2.Nf3 e6 3.Nc3 a6 4.d4 cxd4 5.Nxd4 Qc7 6.g3 Bb4 7.Ne2 Nc6 8.Bg2 
Nge7 9.O-O O-O 10.Nf4 f6 11.Nd3 Ba5 12.Ne2 b5 13.b3 Rf7 14.Bb2 Rb8 15.Rc1 
Bb6 16.c4 bxc4 17.bxc4 Ne5 18.c5 Ba7 19.Nef4 a5 20.Qc2 Ba6 21.Rfd1 N7c6 
22.Ba1 Nb4 23.Nxb4 Rxb4 24.c6 Rc4 25.cxd7 Rxd7 26.Rxd7 Qxd7 27.Bc3 Bd4 28.
Ne2 Bxf2+ 29.Kxf2 Qa7+ 30.Ke1 Ng4 31.Nd4 Rxd4 32.Bxd4 Qxd4 33.Qc5 Qd3 34.
Rc2 Ne3 35.Rd2 Nxg2+ 0-1

[Event "49th Hastings it"]
[Site "Hastings ENG"]
[Date "1974.01.13"]
[Round "15"]
[White "Gligoric, Svetozar"]
[Black "Rellstab, Ludwig"]
[Result "1-0"]
[WhiteElo "2595"]
[BlackElo "2200"]
[EventDate "1973.12.27"]
[WhiteTitle "GM"]
[BlackTitle "IM"]
[PlyCount "89"]

1.d4 Nf6 2.c4 e6 3.Nc3 Bb4 4.e3 c5 5.Ne2 d5 6.a3 cxd4 7.axb4 dxc3 8.Nxc3 
O-O 9.b3 b6 10.Be2 Bb7 11.O-O dxc4 12.bxc4 Nc6 13.Ba3 Qc8 14.Qd6 Rd8 15.
Qg3 Ne7 16.Rfd1 Rxd1+ 17.Rxd1 Nf5 18.Qf4 Qb8 19.Qxb8+ Rxb8 20.b5 h5 21.Bc1
Kf8 22.f3 Ke8 23.e4 Ne7 24.Be3 Nd7 25.Ra1 Ra8 26.Na4 Nc8 27.c5 bxc5 28.
Nxc5 Nxc5 29.Bxc5 Nb6 30.Kf2 Kd7 31.Rd1+ Kc8 32.Kg3 Na4 33.Bd4 Kc7 34.Be5+
Kb6 35.Rd7 h4+ 36.Kxh4 Rh8+ 37.Kg3 Bc8 38.Bd4+ Ka5 39.Rxa7+ Kb4 40.Rxf7 
Rd8 41.Bxg7 Rd2 42.Kf2 e5 43.Bxe5 Be6 44.Rc7 Nc5 45.Ke3 1-0